| 000 | 00593nam a2200229Ia 4500 | ||
|---|---|---|---|
| 003 | OSt | ||
| 005 | 20220928105450.0 | ||
| 006 | a|||||r|||| 00| 0 | ||
| 007 | ta | ||
| 008 | 220927b |||||||| |||| 00| 0 eng d | ||
| 024 | _a52695 | ||
| 037 | _cTextual | ||
| 040 |
_aSDCL _cSDCL _beng |
||
| 041 |
_2eng _aeng |
||
| 082 | _aO152:gxN15,11, L4 | ||
| 100 |
_aNagandra _9415471 |
||
| 245 | 0 | _aRas siddhant. | |
| 260 |
_aDelhi _bNational Publishing House _c1974 |
||
| 300 |
_a360p. _ccm. |
||
| 942 |
_hO152:gxN15,11, L4 _cTEXL _2CC |
||
| 999 |
_c731324 _d731324 |
||